Normal view
MARC view
- Hackworth, Frederick D
Entry Personal Name
001 - CONTROL NUMBER
- control field: 106753
003 - CONTROL NUMBER IDENTIFIER
- control field: NUST
005 - DATE AND TIME OF LATEST TRANSACTION
- control field: 20230104122118.0
008 - FIXED-LENGTH DATA ELEMENTS
- fixed length control field: 230104|| aca||aabn | a|a d
040 ## - CATALOGING SOURCE
- Original cataloging agency: NUST
- Transcribing agency: NUST
100 ## - HEADING--PERSONAL NAME
- Personal name: Hackworth, Frederick D
670 ## - SOURCE DATA FOUND
- Source citation: Work cat.: (NUST)178770: Hackworth, John R. 106752, Programmable logic controllers :, 2004.
